LEADER 02459nam 2200589 450 001 9910459821203321 005 20200520144314.0 010 $a1-59756-703-5 035 $a(CKB)3710000000234741 035 $a(EBL)1891333 035 $a(SSID)ssj0001335426 035 $a(PQKBManifestationID)12538030 035 $a(PQKBTitleCode)TC0001335426 035 $a(PQKBWorkID)11289415 035 $a(PQKB)10290511 035 $a(MiAaPQ)EBC1891333 035 $a(Au-PeEL)EBL1891333 035 $a(CaPaEBR)ebr10928313 035 $a(OCoLC)898423375 035 $a(EXLCZ)993710000000234741 100 $a20110113h20112011 uy| 0 101 0 $aeng 135 $aur|n|---||||| 181 $ctxt 182 $cc 183 $acr 200 00$aCommunication and swallowing in Parkinson disease /$f[edited by] Deborah Theodoros, Lorraine Ramig 210 1$aSan Diego :$cPlural Publishing,$d[2011] 210 4$dİ2011 215 $a1 online resource (257 p.) 300 $aDescription based upon print version of record. 311 $a1-59756-205-X 320 $aIncludes bibliographical references and index. 327 $aContents; Foreword; Contributors; 1. Parkinson Disease: Symptoms and Medical Management; 2. Neuropathologic Bases for Communication and Swallowing Disorders in Parkinson Disease; 3. Speech Disorder in Parkinson Disease; 4. Assessment and Treatment of the Speech Disorder in Parkinson Disease; 5. Cognitive-Linguistic Disorder in Parkinson Disease; 6. Assessment and Treatment of Cognitive-Linguistic Disorder in Parkinson Disease; 7. Swallowing Disorders in Parkinson Disease; Index 330 $aCompiles the extant literature on the debilitating speech, cognitive-linguistic, and swallowing disorders associated with Parkinson's disease into one comprehensive volume. 606 $aParkinson's disease$xComplications 606 $aCommunicative disorders$xTreatment 606 $aDeglutition disorders$xTreatment 608 $aElectronic books. 615 0$aParkinson's disease$xComplications. 615 0$aCommunicative disorders$xTreatment. 615 0$aDeglutition disorders$xTreatment. 676 $a616.8/33 702 $aTheodoros$b Deborah G. 702 $aRamig$b Lorraine O. 801 0$bMiAaPQ 801 1$bMiAaPQ 801 2$bMiAaPQ 906 $aBOOK 912 $a9910459821203321 996 $aCommunication and swallowing in Parkinson disease$91988472 997 $aUNINA LEADER 04905nam 2200661 a 450 001 9910781420803321 005 20230617034008.0 010 $a1-60086-670-0 010 $a1-60086-451-1 035 $a(CKB)2550000000073073 035 $a(EBL)3111647 035 $a(SSID)ssj0000565886 035 $a(PQKBManifestationID)12206737 035 $a(PQKBTitleCode)TC0000565886 035 $a(PQKBWorkID)10533898 035 $a(PQKB)10985999 035 $a(Au-PeEL)EBL3111647 035 $a(CaPaEBR)ebr10516752 035 $a(OCoLC)922979062 035 $a(MiAaPQ)EBC3111647 035 $a(EXLCZ)992550000000073073 100 $a20040825d2004 uy 0 101 0 $aeng 135 $aur|n|---||||| 181 $ctxt 182 $cc 183 $acr 200 00$aSpatial disorientation in aviation$b[electronic resource] /$fedited by Fred H. Previc, William R. Ercoline 210 $aReston, Va. $cAmerican Institute of Aeronautics and Astronautics, Inc.$dc2004 215 $a1 online resource (580 p.) 225 1 $aProgress in astronautics and aeronautics ;$vv. 203 300 $aDescription based upon print version of record. 311 $a1-56347-654-1 320 $aIncludes bibliographical references and index. 327 $a""Cover""; ""Title""; ""Copyright""; ""Foreword""; ""Table of Contents""; ""Preface""; ""Chapter 1. Spatial Disorientation in Aviation: Historical Background, Concepts, and Terminology""; ""I. Definition""; ""II. Historical Background""; ""III. Types of SD""; ""IV. Aircraft Motions in Flight""; ""V. Summary""; ""References""; ""Chapter 2. Nonvisual Spatial Orientation Mechanisms""; ""I. Introduction""; ""II. Overview of Spatial Orientation Mechanisms in Flight""; ""III. Vestibular Input to Orientation""; ""IV. Vestibular Contribution to Gaze Stability"" 327 $a""V. Interactions Between the Semicircular Canals and Otoliths""""VI. Visual-Vestibular Interaction""; ""VII. Vestibular Influence on Cardiovascular Control""; ""VIII. Vestibular Habituation""; ""IX. Alignment with the Gravitational Vertical""; ""X. Vestibulospinal vs Corticospinal Motor Mechanisms""; ""XI. Somatosensory Input to Orientation""; ""XII. Auditory Input to Orientation""; ""XIII. Cortical Input to Spatial Orientation""; ""XIV. Summary""; ""References""; ""Chapter 3. Visual Orientation Mechanisms""; ""I. Introduction""; ""II. Nature of Three-Dimensional Space"" 327 $a""III. Function of Ambient Vision""""IV. Ambient Visual Mechanisms""; ""V. Neurophysiology of Ambient Vision""; ""VI. Summary""; ""References""; ""Chapter 4. Psychological Factors""; ""I. Personality and Other Traits""; ""II. Mental and Physical State""; ""III. Experience""; ""IV. Task""; ""V. Environment""; ""VI. SD Phenomena Related to Psychological Factors""; ""VII. Summary""; ""References""; ""Chapter 5. Spatial Disorientation Mishap Classification, Data, and Investigation""; ""I. Introduction""; ""II. Human Factors Modeling""; ""III. Spatial Disorientation Mishap Classification Issues"" 327 $a""IV. Mishap Statistics""""V. Investigation Concerns and Techniques""; ""VI. Summary""; ""References""; ""Chapter 6. Nonvisual Illusions in Flight""; ""I. Introduction""; ""II. Illusions Primarily Involving the Semicircular Canals""; ""III. Illusions Primarily Involving the Otoliths""; ""IV. Illusions Involving Semicircular Canals and Otoliths""; ""V. Visual and Audio Correlates of Somatic Illusions""; ""VI. Illusions Contributed by the Somatosensory System""; ""VII. Incapacitating Illusions""; ""VIII. Inner-Ear Problems Contributing to SD""; ""IX. Summary"" 327 $a""Appendix A: Assortment of Practical Recommendations for Flight Surgeons""""References""; ""Chapter 7. Visual Illusions in Flight""; ""I. Introduction""; ""II. Specific Visual Illusions of Flight""; ""III. Optical-Device Distortions and Illusions""; ""IV. Summary""; ""References""; ""Chapter 8. Spatial Disorientation Instruction, Demonstration, and Training""; ""I. Introduction""; ""II. Didactic Instruction""; ""III. Ground-Based Devices""; ""IV. In-Flight Demonstration and Training""; ""V. Efficacy of Demonstration and Training""; ""VI. Improvements in SD Education""; ""VII. Summary"" 327 $a""Appendix A: Didactic Syllabus of the SD Mechanisms"" 410 0$aProgress in astronautics and aeronautics ;$vv. 203. 606 $aSpace perception 606 $aOrientation 606 $aFlight$xPhysiological aspects 615 0$aSpace perception. 615 0$aOrientation. 615 0$aFlight$xPhysiological aspects. 676 $a629.1 s 676 $a612/.0144 701 $aPrevic$b Fred H$0314302 701 $aErcoline$b William R$0314303 801 0$bMiAaPQ 801 1$bMiAaPQ 801 2$bMiAaPQ 906 $aBOOK 912 $a9910781420803321 996 $aSpatial disorientation in aviation$93779390 997 $aUNINA